Music Quiz

Random Music or Song Quiz

Pearl Jam Songs Quiz Stats

 Plays Quiz Updated May 7, 2019

Score 0/127 Timer 13:00
1 Play Today
Song % Correct
Jeremy
92.8%
Alive
90.3%
Even Flow
88.5%
Black
87.6%
Better Man
81.7%
Once
80.9%
Daughter
80.6%
Go
79.1%
Oceans
77.3%
Porch
76.7%
Why Go
76.2%
Release
75.4%
Animal
74.7%
Garden
73.6%
Elderly Woman Behind the Counter in a Small Town
73.5%
Lightning Bolt
71.9%
Nothingman
70.7%
Spin the Black Circle
70.6%
Rearviewmirror
69.7%
Sirens
69.1%
Deep
69.1%
Corduroy
68.2%
Rats
67.3%
Indifference
67.2%
Given to Fly
67%
Dissident
66.6%
Mind Your Manners
65.7%
65.6%
Do the Evolution
64.9%
Glorified G
64.8%
World Wide Suicide
64%
Leash
63.6%
Hail, Hail
63.4%
Bugs
62.8%
Brain of J.
62.4%
W.M.A.
62.1%
Immortality
62%
Last Exit
62%
Blood
61.9%
Wishlist
61.2%
Not for You
60.3%
Red Mosquito
59.6%
Life Wasted
59.6%
Song % Correct
In My Tree
59.4%
Yellow Moon
58.7%
Off He Goes
58.1%
Sometimes
57.7%
Getaway
57.5%
Love Boat Captain
57.2%
Satan's Bed
57.1%
Pendulum
57.1%
My Father's Son
56.9%
Tremor Christ
56.8%
Lukin
56.4%
Smile
55.8%
I Am Mine
55.5%
MFC
55.3%
Who You Are
55.1%
Bu$hleaguer
54.4%
Faithfull
54.2%
Whipping
54.2%
Future Days
54.1%
All Those Yesterdays
54%
Nothing as It Seems
53.6%
Let the Records Play
53.4%
Breakerfall
53.3%
Save You
53.1%
Present Tense
52.9%
The Fixer
52.9%
Hey Foxymophandlemama, That's Me
52.7%
Sleeping By Myself
52.6%
Light Years
52.2%
In Hiding
52.1%
Around the Bend
51.7%
Infallible
51.6%
Pilate
51.4%
Gods' Dice
51.1%
Insignificance
50.9%
Come Back
50.7%
Green Disease
50.6%
Just Breathe
50.3%
Pry, To
50.1%
Inside Job
50%
Parachutes
49.5%
Mankind
49.5%
Severed Hand
49.4%
Song % Correct
Habit
49.3%
Low Light
49.3%
Gone
49.2%
Comatose
49.1%
Army Reserve
49%
Wasted Reprise
49%
Push Me, Pull Me
48.8%
Can't Keep
48.6%
No Way
48.5%
Marker in the Sand
48.5%
Johnny Guitar
48.4%
Cropduster
48.1%
Aye Davanita
47.9%
Unemployable
47.5%
Of the Girl
47.4%
Arc
47.3%
Big Wave
47.2%
Grievance
46.9%
The End
46.6%
Evacuation
46.3%
I'm Open
46.1%
Swallowed Whole
45.7%
Got Some
45.6%
Ghost
45.5%
Parting Ways
45.2%
Amongst the Waves
45%
Gonna See My Friend
44.8%
Soon Forget
44.8%
You Are
44.8%
Thumbing My Way
44.7%
Rival
44.6%
Half Full
44%
Thin Air
43.7%
Sleight of Hand
43%
Unthought Known
42.6%
All or None
42.5%
Supersonic
41.4%
Help Help
39.7%
Speed of Sound
39.3%
Force of Nature
38.9%
Get Right
36%

You're not logged in!

Compare scores with friends on all Sporcle quizzes.
OR
Log In

Sporcle TV

Today on Sporcle TV


Watch our educational content, quiz creation guides, and fun videos on Sporcle TV.

Show Comments

Extras

Top Quizzes Today


Score Distribution

Your Account Isn't Verified!

In order to create a playlist on Sporcle, you need to verify the email address you used during registration. Go to your Sporcle Settings to finish the process.

Report this User

Report this user for behavior that violates our Community Guidelines.

Details: